000 00501nam a2200169 i 4500
001 20737
003 ES-MaACL
005 20230906152344.0
007 t|
008 021118s1969 sp |||| | spa d
100 1 _aAdler, Hans A.
_918448
245 1 0 _aPlanificación sectorial y por proyectos en materia de transportes /
_cHans A. Adler.
260 _aMadrid :
_bTecnos,
_c1969.
300 _a85 p. ;
_c23 cm.
650 4 _aTransportes-
_zPaĆ­ses en desarrollo.
_9165061
852 _aES-MaACL
_jC-37109
999 _c20737
_d20737